000 02398cam a2200289 4500500
005 20260329014012.0
041 _afre
042 _adc
100 1 0 _aFichant, Michel
_eauthor
245 0 0 _aFrom the Phoranomus to the Dynamica: The Emergence of Action and Its Metaphysical Significance, according to Unpublished Documents
260 _c2026.
500 _a61
520 _aThe invention of the dynamics as a new science closely relates to Leibniz’s writing of the Dynamica de potentia in 1689-90. A few months earlier, in the Phoranomus, Leibniz had proposed a definition of power as the quantity of effect accomplished without expense of force. This article explores manuscript formulations that led from here to a definition of formal action as measured by mvs (mass times space times speed) or mv2 in the unit of time: hence an a priori demonstration of the principles of abstract dynamics centered around the notion of absolute power. The metaphysical implications of this conceptual framework distinguish Leibniz’s dynamics from the historical mainstream of classical mechanics.
520 _aL’invention de la dynamique comme nouvelle science survient lorsque Leibniz rédige la Dynamica de potentia en 1689-1690. Quelques mois plus tôt, Leibniz avait proposé, dans le Phoranomus, une définition de la puissance par la quantité d’effet accompli sans exhaustion de force. Cet article explore les formulations manuscrites qui ont mené de là à la définition de l’action formelle, mesurée par le produit mvs (masse par espace par temps) ou mv2 dans l’unité de temps : d’où la démonstration des principes de la dynamique abstraite centrés sur la notion de puissance absolue. Les implications métaphysiques de cette conceptualisation distinguent la dynamique leibnizienne du courant historique dominant de la mécanique classique.
690 _aaction
690 _adynamique
690 _amécanique classique
690 _apuissance absolue
690 _aquantité d’effet
690 _aabsolute power
690 _aaction
690 _aclassical mechanics
690 _adynamics
690 _aquantity of effect
786 0 _nRevue internationale de philosophie | 315 | 1 | 2026-03-20 | p. 11-30 | 0048-8143
856 4 1 _uhttps://shs.cairn.info/revue-revue-internationale-de-philosophie-2026-1-page-11?lang=en&redirect-ssocas=7080
999 _c1885295
_d1885295